The Graphic Work / Introduced and Explained by the Artist (Record no. 3959)
[ view plain ]
| 000 -LEADER | |
|---|---|
| fixed length control field | 01011cam a22002174a 4500 |
| 005 - ΗΜΕΡΟΜΗΝΙΑ ΚΑΙ ΩΡΑ ΤΕΛΕΥΤΑΙΑΣ ΕΝΗΜΕΡΩΣΗΣ | |
| Πεδίο ελέγχου | 20250605164130.0 |
| 008 - FIXED-LENGTH DATA ELEMENTS--GENERAL INFORMATION | |
| Πεδίο ελέγχου σταθερού μήκους | 250528s ||||||||||||||||||||||||d |
| 035 ## - SYSTEM CONTROL NUMBER | |
| System control number | 18610 |
| 020 ## - ISBN | |
| ISBN | 3822896349 |
| 040 ## - ΠΗΓΗ ΚΑΤΑΛΟΓΟΓΡΑΦΗΣΗΣ | |
| Φορέας πρωτότυπης καταλογογράφησης | MC Athens Campus Library |
| Γλώσσα καταλογογράφησης | Ελληνικά, Μοντέρνα (1453-) |
| Modifying agency | MC Athens Campus Library |
| Κανόνες περιγραφικής καταλογογράφησης | AACR2 |
| 245 1# - ΤΙΤΛΟΣ ΚΑΙ ΔΗΛΩΣΗ ΥΠΕΥΘΥΝΟΤΗΤΑΣ | |
| Τίτλος | The Graphic Work / Introduced and Explained by the Artist |
| 260 ## - PUBLICATION, DISTRIBUTION, ETC. | |
| Date of publication, distribution, etc. | 1992 |
| 300 ## - PHYSICAL DESCRIPTION | |
| Extent | 78 |
| 505 0# - FORMATTED CONTENTS NOTE | |
| Formatted contents note | Introduction, Classification and Description, Early Prints, Regular Division of a Plane, Unlimited Spaces, Spatial Rings and Spirals, Mirror Images, Inversion, Polyhedrons, Relativities, Conflict Flat-Spatial, Impossible Buildings, Biographical Notes. |
| 520 ## - SUMMARY, ETC. | |
| Summary, etc. | Introduction, Classification and Description, Early Prints, Regular Division of a Plane, Unlimited Spaces, Spatial Rings and Spirals, Mirror Images, Inversion, Polyhedrons, Relativities, Conflict Flat-Spatial, Impossible Buildings, Biographical Notes. |
| 700 1# - ΠΡΟΣΘΕΤΗ ΑΝΑΓΡΑΦΗ--ΦΥΣΙΚΟ ΠΡΟΣΩΠΟ | |
| Personal name | Escher M. C |
| 9 (RLIN) | 4873 |
| 700 1# - ΠΡΟΣΘΕΤΗ ΑΝΑΓΡΑΦΗ--ΦΥΣΙΚΟ ΠΡΟΣΩΠΟ | |
| Personal name | Taschen |
| 9 (RLIN) | 2434 |
| 942 ## - ADDED ENTRY ELEMENTS (KOHA) | |
| Koha item type | Books |
| Τύπος τεκμηρίου | Βιβλιοθήκη | Τρέχουσα τοποθεσία | Barcode | Αριθμός εισαγωγής | Ημερομηνία απόκτησης | Ταξιθετικό σύμβολο | Αριθμός αντιτύπου | Κατάσταση απόσυρσης | Κατάσταση χαμένου | Κατάσταση κατεστραμμένου | Μη δανεισμός | Σύνολο δανεισμών | Ημερομηνία τελευταίας εμφάνισης | Η τιμή ισχύει από |
|---|---|---|---|---|---|---|---|---|---|---|---|---|---|---|
| Books | MC Athens Campus Library | MC Athens Campus Library | 9780000039583 | 3514 | 05/06/2025 | 769.92 ESC | 1 | 05/06/2025 | 05/06/2025 |